[Event "FRA-ch U12/16 Girls"]
[Site "Agen"]
[Date "2023.04.26"]
[Round "5"]
[White "Forges Boulanger, Julie"]
[Black "Deladerriere, Calypso"]
[Result "0-1"]
[WhiteElo "1402"]
[BlackElo "1875"]
[PlyCount "66"]
[EventDate "2023.04.23"]
[EventType "swiss"]
[EventRounds "9"]
[EventCountry "FRA"]
[SourceTitle "CBM 214 Extra"]
[Source "ChessBase"]
[SourceDate "2023.07.31"]
[SourceVersion "1"]
[SourceVersionDate "2023.07.31"]
[SourceQuality "1"]

1. d4 d5 2. Nf3 Nc6 3. c4 Bg4 4. e3 Nf6 5. Nc3 e6 6. cxd5 exd5 7. Bb5 Bd6 8. h3 Bf5 9. Ne5 Bxe5 10. dxe5 Nd7 11. Qxd5 0-0 12. a3 Be6 13. Qd1 Qg5 14. 0-0 Bxh3 15. Bxc6 bxc6 16. Qf3 Be6 17. Qf4 Qg6 18. e4 f6 19. exf6 Rxf6 20. Qxc7 Raf8 21. Be3 Qe8 22. Rad1 Rg6 23. Qh2 Rf3 24. Kh1 Qf8 25. Rg1 Rff6 26. Rd2 Rh6 27. Bxh6 Rxh6 28. Qxh6 gxh6 29. Rgd1 Qe7 30. Rd6 Ne5 31. f4 Ng4 32. R1d2 Qh4+ 33. Kg1 Qe1# 0-1

[Event "FRA-ch U12 Girls"]
[Site "Hyeres"]
[Date "2019.04.15"]
[Round "3"]
[White "Schippke, Manon"]
[Black "Forges Boulanger, Julie"]
[Result "1-0"]
[WhiteElo "1646"]
[BlackElo "1371"]
[PlyCount "113"]
[EventDate "2019.04.14"]
[EventType "swiss"]
[EventRounds "9"]
[EventCountry "FRA"]
[SourceTitle "CBM 190 Extra"]
[Source "ChessBase"]
[SourceDate "2019.07.15"]
[SourceVersion "1"]
[SourceVersionDate "2019.07.15"]
[SourceQuality "1"]

1. e4 c6 2. b3 d5 3. Bb2 dxe4 4. Nc3 Bf5 5. g4 Bg6 6. Bg2 Nf6 7. Qe2 e6 8. Nxe4 Nxe4 9. Bxe4 Bxe4 10. Qxe4 Qd5 11. Qxd5 cxd5 12. f4 f6 13. 0-0-0 Nd7 14. Re1 Kf7 15. Ne2 Re8 16. Rhf1 Rg8 17. Nd4 Bc5 18. Nb5 a6 19. Nc7 Re7 20. f5 e5 21. Nxd5 Ree8 22. Nc7 Rc8 23. Ne6 Bb6 24. d4 exd4 25. Bxd4 Bxd4 26. Nxd4 Ne5 27. Re4 Rc3 28. Kb2 Rgc8 29. Rf2 R3c7 30. Ref4 h6 31. Nf3 Nxf3 32. R4xf3 Rd8 33. Rd3 Rxd3 34. cxd3 Ke7 35. Rc2 Rd7 36. Kc3 Rd6 37. d4 b5 38. Rd2 Rd5 39. Kb4 Kd7 40. Ka5 Rd6 41. d5 Kd8 42. Kb4 Ke8 43. Kc5 Kd7 44. Re2 a5 45. Re6 Rxe6 46. dxe6+ Kc7 47. Kxb5 g6 48. fxg6 f5 49. g7 f4 50. g8Q f3 51. Qf7+ Kd6 52. Qxf3 a4 53. Qe4 axb3 54. axb3 h5 55. e7 hxg4 56. e8Q g3 57. Q4e5# 1-0

[Event "FRA-ch U12 "]
[Site "Agen"]
[Date "2018.04.18"]
[Round "5"]
[White "Costa, My Lan"]
[Black "Forges Boulanger, Julie"]
[Result "1/2-1/2"]
[WhiteElo "1360"]
[BlackElo "1227"]
[PlyCount "66"]
[EventDate "2018.04.15"]
[EventType "swiss"]
[EventRounds "9"]
[EventCountry "FRA"]
[SourceTitle "EXT 2019"]
[Source "ChessBase"]
[SourceDate "2018.10.10"]
[SourceVersion "1"]
[SourceVersionDate "2018.10.10"]
[SourceQuality "1"]

1. e4 c6 2. d4 d5 3. exd5 cxd5 4. c4 Nf6 5. Nc3 Bf5 6. Nf3 e6 7. Bf4 Bd6 8. Bxd6 Qxd6 9. Be2 0-0 10. 0-0 Nc6 11. Rc1 dxc4 12. Bxc4 Bg4 13. Be2 Bxf3 14. Bxf3 Qxd4 15. Bxc6 Qxd1 16. Nxd1 bxc6 17. Rxc6 Rfc8 18. Rxc8+ Rxc8 19. Nc3 Rd8 20. Rd1 Rxd1+ 21. Nxd1 Kf8 22. Kf1 Ke7 23. Ke2 Kd6 24. Ne3 Kc5 25. a3 Nd5 26. Nxd5 exd5 27. Kd3 a5 28. Kc3 f5 29. b4+ axb4+ 30. axb4+ Kb5 31. Kd4 Kxb4 32. Kxd5 Kc3 33. Ke5 g6 1/2-1/2